| 000 | 00364nam a2200145Ia 4500 | ||
|---|---|---|---|
| 008 | 151213s9999 xx 000 0 und d | ||
| 100 | _aR.M.Karim | ||
| 245 |
_aThe Journal of Asiatic Society _cR.M.Karim |
||
| 260 |
_aDhaka _bAsiatic Socitey _c1982 |
||
| 300 | _a7186 p. | ||
| 650 | _aBangla | ||
| 650 | _aBangla Literature | ||
| 700 | _aR.M.Karim | ||
| 999 |
_c3824 _d3824 |
||